Polovodičová technika 2

Guardado en:
Detalles Bibliográficos
Autor principal: Stránsky, Josef (Autor)
Formato: Libro
Lenguaje:checo
Publicado: Bratislava : SNTL, 1981
Edición:2.nezm.vyd.
Etiquetas: Agregar Etiqueta
Sin Etiquetas, Sea el primero en etiquetar este registro!

MARC

LEADER 00000nam a22000003a 4500
001 stu33372
005 20150617225734.2
008 981005s1981------------------------cze-d
040 |a STU  |b slo 
041 0 |a cze 
080 |a 621.382 
100 1 |a Stránsky, Josef  |4 aut 
245 1 |a Polovodičová technika 2 
250 |a 2.nezm.vyd. 
260 |a Bratislava :  |b SNTL,  |c 1981 
300 |a 384 s 
996 |b 284EK04592  |c E*47525  |l EE01  |s A  |a 24  |w stu33372_0002 
996 |b 284EK04593  |c E*47527  |l EE01  |s A  |a 24  |w stu33372_0003 
996 |b 284EK04595  |c E*47842  |l EE01  |s A  |a 24  |w stu33372_0006 
996 |b 284EK04591  |c E*47524  |l EE0101  |s P  |a 0  |w stu33372_0009